| 000 | 00591cam a22001691 4500 | ||
|---|---|---|---|
| 082 |
_a358.20941 _bCOW |
||
| 100 | 1 |
_aCowie, Henry Edward Colvin, _950402 |
|
| 245 | 0 | 4 |
_aThe Khushalgarh bridge. _cBy Capt. H.E.C. Cowie ... |
| 260 |
_aChatham, _bRoyal Engineers Institute, _c1909. |
||
| 300 |
_a1 p. l., 15 p. _billus., 17 fold. pl. _c25 cm. |
||
| 490 | 0 | _aProfessional papers of the Corps of Royal Engineers. (Fourth series) | |
| 500 | _aCover-title. | ||
| 526 |
_a0 _b0 _c0 _d358_209410000000000_COW |
||
| 650 | 0 |
_aBridges _zIndia _zKhushalgarh. _950403 |
|
| 650 | 0 |
_aMCE _9379 |
|
| 942 |
_2ddc _cBK |
||
| 999 |
_c553131 _d553131 |
||